Loga linii lotniczych - Statystyki

Ogólne statystyki
  • Ten quiz został rozwiązany 4 773 razy
  • Średni wynik to 8 z 20
Statystyki odpowiedzi
Obrazkowy Odpowiedź % Poprawnych
Lufthansa
77%
Air Canada
76%
Swiss International
73%
Ryanair
72%
Emirates
61%
KLM
53%
Turkish Airlines
47%
British Airways
42%
ITA Airways
32%
South African Airways
32%
Korean Air
30%
American Airlines
29%
Qantas
28%
Thai Airways
25%
Aer Lingus
17%
Japan Airlines
16%
Iberia
15%
Air China
14%
Air New Zealand
12%
Southwest
12%
Nie znaleziono quizów pasujących do podanych kryteriów
Rozkład punktacji
Procent ludzi z każdym wynikiem
Percentyl według liczby udzielonych odpowiedzi
Twoja historia wyników
Nie rozwiązałeś tego quizu